000 00294nam a2200097Ia 4500
082 _a639.37483 WATT
245 0 _aLiving jewels : koi keeping in South Africa
100 _a WATT, Ronnie Johannesburg, 2003 1st pbk. ed
_975510
942 _cBK
008 210817s9999 xx 000 0 und d
999 _c249881
_d249880